000 00587nam a2200217Ia 4500
005 20241129105827.0
008 241129s9999||||xx |||||||||||||| ||und||
020 _a978-93-88356-17-6
037 _aTB
040 _aARTS
_beng
_cARTS
041 _aeng
_2urd
084 _aO168,8N04x Q8
_qARTS
100 _aThanvi Shaukat Au.
245 0 _aJorh torh
_cThanvi Shaukat Au.
260 _aDelhi, India
_bEducational Publishing House
_c2010
300 _a247p.
365 _aINR
_b300
650 _aUrdu Satire
942 _cTB
_hO168,8N04x Q8
999 _c1226168
_d1226168